00488nam a22001337a 4500008004100000040005500041080001700096100001800113245008000131260008000211300001700291650002300308653002300331230410b |||||||| |||| 00| 0 eng d aNational Science LibrarycNational Science Library a341(73)bN3  aNash, Marian  aCumulative digest of united states practice in international law 1981-1988  aWashington, D C: bOffice of the legal adviser department of state, c1993  axvi, 1311p.  aCumulative digest  aInternational law